Hexagon Hopping II Quiz Stats

 Plays Quiz Updated Apr 19, 2018

Score 0/84 Timer 10:00
10 Plays Today
% Correct
F - to rest or move on the surface
of a liquid without sinking
100%
U - mythical horse like creature with a
single horn projecting from it's head
97.4%
N - Media streaming company providing films/TV series on demand
97.4%
Float
97.4%
Float
97.4%
B - device used for viewing distant
objects with a lens for each eye
97.2%
R - large bone in the forearm
97.1%
Unicorn
97.1%
Unicorn
97.1%
H - Two-time Best Actor Oscar winner,
star of Forrest Gump and Cast Away
96.4%
Netflix
96.4%
Netflix
96.4%
L - deadly; fatal; able to cause death
96.4%
D - strong underground prison cell
96.3%
Binoculars
96%
Binoculars
96%
T - Either of the islands of the
southernmost nation of the Caribbean
95.9%
Hanks
95.9%
Hanks
95.9%
A - tough metal coverings used to
defend something from attack
95.4%
K - a room or place equipped for cooking
95.4%
O - dramatic performance in which all
parts are sung, e.g. Tosca, Carmen
95.3%
Radius
95.3%
Radius
95.3%
I - house or shelter built using snow
95.3%
W - large building used for the
storage of supplies or merchandise
95.2%
Lethal
95.2%
Lethal
95.2%
% Correct
E - leave one's own country
in order to settle in another
95.2%
S - Method of communication
usually involving flags
95.1%
Opera
95.1%
Kitchen
95.1%
Opera
95.1%
Kitchen
95.1%
J - a daily record of occurrences,
experiences, or observations
95.1%
Dungeon
95.1%
Igloo
95.1%
Dungeon
95.1%
Igloo
95.1%
C - capital city of Egypt
95%
P - Spanish painter and sculptor
who co-founded the Cubist movement
94.9%
G - unspecific; high rank in the Army
94.9%
Z - large park-like area where
animals are kept for public exhibition
94.9%
M - Olympic athletes hope to win
one of these by finishing in the top three
94.9%
Cairo
94.9%
Cairo
94.9%
Armour
94.9%
Armour
94.9%
Trinidad
94.8%
Trinidad
94.8%
General
94.8%
General
94.8%
Journal
94.8%
Journal
94.8%
Emigrate
94.8%
Emigrate
94.8%
% Correct
Y - unit of measurement equal to three feet
94.8%
Zoo
94.8%
Zoo
94.8%
Warehouse
94.7%
Warehouse
94.7%
Picasso
94.7%
Picasso
94.7%
Yard
94.7%
Yard
94.7%
Semaphore
94.5%
Semaphore
94.5%
Medal
94.4%
Medal
94.4%
Medal
94.4%
Medal
94.4%
Medal
94.4%
Medal
94.4%
Medal
94.4%
Medal
94.4%
Medal
94.4%
Medal
94.4%
Medal
94.4%
Medal
94.4%
Medal
94.4%
Medal
94.4%
Medal
94.4%
Medal
94.4%
Medal
94.4%

You're not logged in!

Compare scores with friends on all Sporcle quizzes.
OR
Log In

Sporcle TV

Today on Sporcle TV


Watch our educational content, quiz creation guides, and fun videos on Sporcle TV.

Show Comments

Extras

Top Quizzes Today


Score Distribution

Your Account Isn't Verified!

In order to create a playlist on Sporcle, you need to verify the email address you used during registration. Go to your Sporcle Settings to finish the process.

Report this User

Report this user for behavior that violates our Community Guidelines.

Details: